| 000 | 00702nam a2200193 i 4500 | ||
|---|---|---|---|
| 001 | 184217 | ||
| 003 | ES-MaACL | ||
| 005 | 20230906222116.0 | ||
| 008 | 150511s1906 fr |||| | fre d | ||
| 100 | 1 |
_aBritsch, Amédée ( _d1878-1960) _9156850 |
|
| 245 | 1 | 0 |
_aHenry Bordeaux _b: biographie critique illustrée d'un portrait, frontispice et d'un autographe suivie d'opinion et d'une bibliographie / _cpar Amedée Britsch. |
| 260 |
_aParis : _bE. Sansot et Cie, _c1906. |
||
| 300 |
_a72 p. ; _c19 cm. |
||
| 490 | 1 | _aLes célébrités d'aujourd'hui | |
| 600 | 0 | 4 |
_aBordeaux, Henry. _930390 |
| 830 | 0 |
_aLes célébrités d'aujourd'hui _9180788 |
|
| 852 |
_aES-MaACL _jD-750(1) |
||
| 999 |
_c184217 _d184217 |
||